Pepsi Cola v reklame Príloha

Informácie o aktivitách spoločnosti Pepsi Cola. Produktové rady firmy, ktoré distribuuje na slovenský trh. Reklamná stratégia firmy. Cieľový segment. Stratégia cieľových kampaní a marketingu. Výdavky na reklamu v slovenských médiách - január - júl 1997. Rozvíjanie reklamných aktivít prostredníctvom...

Descrizione completa

Salvato in:
Dettagli Bibliografici
Autore principale: Viestová, O.
Natura: Capitolo di libro
Lingua:slovacco
Soggetti:
Tags: Aggiungi Tag
Nessun Tag, puoi essere il primo ad aggiungerne!!

MARC

LEADER 00000naa a2200000 4500
001 r027500
005 20230922094712.6
041 0 |a slo 
044 |a SK 
245 1 0 |a Pepsi Cola v reklame  |b Príloha  |c O. Viestová 
520 |a Informácie o aktivitách spoločnosti Pepsi Cola. Produktové rady firmy, ktoré distribuuje na slovenský trh. Reklamná stratégia firmy. Cieľový segment. Stratégia cieľových kampaní a marketingu. Výdavky na reklamu v slovenských médiách - január - júl 1997. Rozvíjanie reklamných aktivít prostredníctvom globálnej siete agentúr. Stratégia rozdelenia mediálneho rozpočtu. 
610 2 0 |a marketing 
610 2 0 |a reklama 
610 2 0 |a Pepsi-Cola 
610 2 0 |a nápoje nealkoholické 
610 2 0 |a výdavky 
610 2 0 |a médiá 
610 2 0 |a distribúcia 
100 1 |a Viestová, O.